| 000 | 01688nam a2200205 a 4500 | ||
|---|---|---|---|
| 001 | 000048543 | ||
| 005 | 20250701121838.0 | ||
| 008 | 190329s2008 dr a 000 m spa d | ||
| 020 | _a9789945406825 | ||
| 040 |
_aDO-SdBNP _bspa _cBNPHU |
||
| 082 |
_axxxx _bR426p |
||
| 110 | 1 |
_aRepública Dominicana. _bSecretaría de Estado de Educación Superior, Ciencia y Tecnología _918778 |
|
| 245 | 1 | 0 |
_aPlan decenal de educación superior 2008-2018 : _buna educación superior de calidad, para el país que soñamos los dominicanos / _cpresentación Ligia Amada Melo de Cardona ; edición Luz Almánzar Rodríguez. |
| 260 |
_aSanto Domingo : _bSEESCYT, _c2008. |
||
| 300 |
_axxi, 562 p. ; _c27 cm. |
||
| 505 | 0 |
_gPresentación / _rLigia Amada Melo de Cardona -- _gIntroducción -- _tÁrea 1: Contexto: Un mundo de retos y desafíos positivos -- _tProgramas estratégicos del Plan Decenal de Educación Superior 2008-2018 -- _tÁrea 2: Cualitativa: Fomentando la cultura de creación del conocimiento -- _tÁrea 3: Vinculando las instituciones de Educación Superior (IES) y el sector productivo -- _tÁrea 4: Cuantitativa: Fomentando la equidad y la ampliación de la cobertura en la Educación Superior -- _tÁrea 5: Mejoramiento y modernización de la Educación Superior -- _tÁrea 6: Asignando más recursos y mayor eficiencia en la Educación Superior -- _tOrganización y gestión de la ejecución del Plan Decenal de Educación Superior 2008-2018 -- _tEvaluación, seguimiento y difusión del Plan Decenal de Educación Superior 2008-2018 -- _gAnexos. |
|
| 590 | _aInventariado, 2019/LP | ||
| 700 | 1 |
_aMelo de Cardona, Ligia Amada, _epresent. _927174 |
|
| 700 | 1 |
_aAlmánzar Rodríguez, Luz, _eed. _956217 |
|
| 999 |
_c48031 _d48031 |
||